Loading...
| History - World History | 0 | 3 | 1 | 1 | 25 | 86 | 106.67 | 0 | 0 |
| Other Academic | 0 | 2 | 0 | 1 | 20 | 92 | 119.50 | 0 | 0 |
| Fine Arts - Classical Music | 0 | 2 | 0 | 0 | 20 | 87 | 101.00 | 0 | 0 |
| Geography | 0 | 2 | 0 | 1 | 20 | 87 | 109.50 | 0 | 1 |
| Any History | 0 | 2 | 1 | 1 | 15 | 89 | 114.50 | 0 | 0 |
| Fine Arts - Other Fine Arts | 0 | 2 | 1 | 1 | 15 | 113 | 113.50 | 0 | 0 |
| Painting & Sculpture | 0 | 1 | 0 | 0 | 10 | 120 | 120.00 | 0 | 0 |
| Mythology | 0 | 1 | 0 | 0 | 10 | 87 | 87.00 | 0 | 0 |
| Science - Biology | 0 | 1 | 0 | 0 | 10 | 120 | 120.00 | 0 | 0 |
| Religion | 0 | 1 | 1 | 1 | 5 | 138 | 138.00 | 0 | 0 |
| History - American History | 0 | 0 | 1 | 0 | -5 | 0.00 | 0 | 0 | |
| Literature - World Literature | 0 | 0 | 1 | 0 | -5 | 0.00 | 0 | 0 | |
| History - European History | 0 | 1 | 5 | 0 | -15 | 66 | 66.00 | 0 | 0 |